Find the Missing Food and Drinks in Books Quiz Stats

 Plays Quiz Updated Apr 27, 2017

Support Sporcle.
Go Orange.
Score 0/20 Timer 04:00
6 Plays Today
% Correct
Charlie and the
CHOCOLATE Factory
95.8%
A Clockwork ORANGE
93.9%
Green Eggs and HAM
93.5%
The GRAPES of Wrath
89.8%
The Princess and the PEA
89.7%
Horton Hatches the EGG
86.9%
Fried Green TOMATOES
at the Whistle Stop Cafe
85.2%
The Adventures of
HUCKLEBERRY Finn
84.5%
WATER for Elephants
84.4%
One FISH, Two FISH,
Red FISH, Blue FISH
83%
% Correct
If You Give a Mouse a COOKIE
76.4%
It Looked Like Spilt MILK
75.2%
The Stinky CHEESE Man
and Other Fairly Stupid Tales
74.3%
The Poison APPLES
73.8%
Black COFFEE
73%
The RUM Diary
66.6%
The CHERRY Orchard
59.9%
The TEA Rose
58.4%
The House on MANGO Street
57.4%
Playing for PIZZA
57%

You're not logged in!

Compare scores with friends on all Sporcle quizzes.
OR
Log In
Forgot?

From the Vault

Actor-Director Collaborations

by spqr

In Hollywood, it is who you know, or more to the point who knows you.
Remove Ads.
Support Sporcle.
Get the best of Sporcle when you Go Orange. This ad-free experience offers more features, more stats, and more fun while also helping to support Sporcle. Thank you for becoming a member.

Show Comments

Extras

Top Quizzes Today


Score Distribution

Your Account Isn't Verified!

In order to create a playlist on Sporcle, you need to verify the email address you used during registration. Go to your Sporcle Settings to finish the process.

Report this User

Report this user for behavior that violates our Community Guidelines.

Details: